| 000 | 00505nam a2200157 i 4500 | ||
|---|---|---|---|
| 001 | 128453 | ||
| 003 | ES-MaACL | ||
| 007 | t| | ||
| 008 | 070511s1972 xxr ||||1| eng d | ||
| 100 | 1 |
_aTager, Anna Aleksandrovna. _9109064 |
|
| 245 | 1 | 0 |
_aPhysical chemistry of polymers / _cAnna Aleksandrovna Tager ; translated from the russian by David Sobolev. |
| 260 |
_aMoscow : _bMir, _c1972. |
||
| 300 |
_a558 p. : _bil. ; _c22 cm. |
||
| 700 | 1 |
_aSobolev, David. _9106989 |
|
| 852 |
_aES-MaACL _jE-5351 _bR.89476 |
||
| 999 |
_c128453 _d128453 |
||